Giáo trình đánh giá trong giáo dục Dành cho học viên ngành Quản lý giáo dục hệ đào tạo Tại chức từ xa

Đề cập đến những vấn đề chung trong đánh giá giáo dục, đồng thời trình bày các phương pháp và kĩ thuật đánh giá cũng như xây dựng công cụ đánh giá trong mọi lĩnh vực dạy học là lĩnh vực hoạt động cơ bản của nhà trường

Gardado en:
Detalles Bibliográficos
Autor Principal: Trần Thị Tuyết Oanh
Formato: Libro
Idioma:Vietnamese
Publicado: H. Đại học Sư phạm 2004
Những chủ đề:
Các nhãn: Engadir etiqueta
Sen Etiquetas, Sexa o primeiro en etiquetar este rexistro!
Thư viện lưu trữ: Mạng thư viện Đại học Đà Nẵng
LEADER 01668nam a22003858a 4500
001 000006301
003 2456
005 20110907100901.0
008 110907s2004 viesd
020 |c 15000  |d 1000b 
041 0 |a vie 
082 |a 371.26  |b TR-O 
084 |a U31z73 
084 |b GI-108T 
100 1 |a Trần Thị Tuyết Oanh 
245 1 0 |a Giáo trình đánh giá trong giáo dục  |b Dành cho học viên ngành Quản lý giáo dục hệ đào tạo Tại chức từ xa  |c Trần Thị Tuyết Oanh 
260 |a H.  |b Đại học Sư phạm  |c 2004 
300 |a 115tr.  |c 24cm 
500 |a ĐTTS ghi: Trường Đại học Sư phạm Hà Nội. Trung tâm Giáo dục từ xa 
504 |a Thư mục sau mỗi chương 
520 |a Đề cập đến những vấn đề chung trong đánh giá giáo dục, đồng thời trình bày các phương pháp và kĩ thuật đánh giá cũng như xây dựng công cụ đánh giá trong mọi lĩnh vực dạy học là lĩnh vực hoạt động cơ bản của nhà trường 
650 7 |2 Bộ TK TVQG  |a Giáo dục 
650 7 |2 Bộ TK TVQG  |a Giáo trình 
653 |a Trần Thị Tuyết Oanh 
910 |a Minh  |d 7/9/2011 
OWN |a LSP 
AVA |a UDN50  |b LSP  |d 371.26 TR-O  |e available  |t Error 5001 Not defined in file expand_doc_bib_avail.  |f 5  |g 0  |h N  |i 0  |k 1 
999 |a From the UDN01 
AVA |a UDN50  |b LSP  |d 371.26 TR-O  |e available  |t Error 5001 Not defined in file expand_doc_bib_avail.  |f 5  |g 0  |h N  |i 0  |k 1 
TYP |a Monograph 
TYP |a Printed language 
980 |a Mạng thư viện Đại học Đà Nẵng